| 000 | 00545cab a2200205 4500 | ||
|---|---|---|---|
| 001 | WB3036-30 | ||
| 008 | 090401t1994 xxu||||| |||| 00| 0 eng d | ||
| 035 | _a(Sirsi) u58179 | ||
| 041 | _aeng | ||
| 245 | _aShelter`s director | ||
| 260 | _c1994 | ||
| 350 | _a0 | ||
| 490 |
_aGuardian _v28 September 1994, 7(1) |
||
| 520 | _aShelter seeks a new director after Sheila McKechnie`s departure to head the Consumers` Association. | ||
| 650 | _aHOUSING POLICY | ||
| 650 | _aSHELTER | ||
| 690 | _aHOUSING | ||
| 942 | _n0 | ||
| 948 | _c04/03/1997 | ||
| 999 |
_c35495 _d35495 |
||